<?xml version="1.0" encoding="UTF-8"?>
<record
    xmlns:xsi="http://www.w3.org/2001/XMLSchema-instance"
    xsi:schemaLocation="http://www.loc.gov/MARC21/slim http://www.loc.gov/standards/marcxml/schema/MARC21slim.xsd"
    xmlns="http://www.loc.gov/MARC21/slim">

  <leader>01532nam a2200265Ia 4500</leader>
  <controlfield tag="003">OSt</controlfield>
  <controlfield tag="005">20211007163014.0</controlfield>
  <controlfield tag="008">210310s2007    ck ao  gr     000 0 spa d</controlfield>
  <datafield tag="040" ind1=" " ind2=" ">
    <subfield code="a">CO-JMCR</subfield>
    <subfield code="c">CO-JMCR</subfield>
  </datafield>
  <datafield tag="041" ind1="0" ind2=" ">
    <subfield code="a">spa</subfield>
  </datafield>
  <datafield tag="082" ind1="0" ind2="4">
    <subfield code="a">338.17373 /</subfield>
    <subfield code="b">A674s</subfield>
    <subfield code="2">23</subfield>
  </datafield>
  <datafield tag="100" ind1="1" ind2=" ">
    <subfield code="a">Arcila P, Jaime, </subfield>
    <subfield code="e">autor</subfield>
    <subfield code="9">28871</subfield>
  </datafield>
  <datafield tag="245" ind1="1" ind2="0">
    <subfield code="a">Sistemas de producci&#xF3;n de caf&#xE9; en Colombia / </subfield>
    <subfield code="c">Jaime Arcila P., Fernando Farf&#xE1;n V., Argemiro Moreno B. [y otros].</subfield>
  </datafield>
  <datafield tag="250" ind1=" " ind2=" ">
    <subfield code="a">Primera edici&#xF3;n.</subfield>
  </datafield>
  <datafield tag="260" ind1=" " ind2=" ">
    <subfield code="a">Chinchin&#xE1;, Colombia : </subfield>
    <subfield code="b">Federaci&#xF3;n Nacional de Cafeteros de Colombia, </subfield>
    <subfield code="c">2007.</subfield>
  </datafield>
  <datafield tag="300" ind1=" " ind2=" ">
    <subfield code="a">309 p&#xE1;ginas : </subfield>
    <subfield code="b">Ilustraciones, gr&#xE1;ficas y fotograf&#xED;as a color ; </subfield>
    <subfield code="c">28 cm.</subfield>
  </datafield>
  <datafield tag="504" ind1=" " ind2=" ">
    <subfield code="a">Bibliograf&#xED;a : p&#xE1;ginas 295-309.</subfield>
  </datafield>
  <datafield tag="505" ind1="0" ind2=" ">
    <subfield code="a">Fundamentos sobre sistemas de producci&#xF3;n. -- Crecimiento y desarrollo de la planta de caf&#xE9;. -- Factores que determinan la producci&#xF3;n de cafetal. -- Las arvenses y su manejo en los cafetales. -- Densidad de siembra y productividad de los cafetales. -- Renovaci&#xF3;n y administraci&#xF3;n de los lotes para estabilizar la producci&#xF3;n de caf&#xE9; en la finca. -- Producci&#xF3;n de caf&#xE9; en sistemas agroforestales. -- Consideraciones sobre la nutrici&#xF3;n mineral y org&#xE1;nica en los sistemas de producci&#xF3;n de caf&#xE9;.</subfield>
  </datafield>
  <datafield tag="650" ind1="1" ind2="4">
    <subfield code="a">Sistemas de producci&#xF3;n cafetera</subfield>
    <subfield code="z">Colombia</subfield>
    <subfield code="9">41029</subfield>
  </datafield>
  <datafield tag="650" ind1="2" ind2="4">
    <subfield code="a">Desarrollo de plantas de caf&#xE9;</subfield>
    <subfield code="z">Colombia</subfield>
    <subfield code="9">41030</subfield>
  </datafield>
  <datafield tag="650" ind1="2" ind2="4">
    <subfield code="a">Producci&#xF3;n cafetera </subfield>
    <subfield code="z">Colombia</subfield>
    <subfield code="9">41031</subfield>
  </datafield>
  <datafield tag="700" ind1="1" ind2=" ">
    <subfield code="a">Farf&#xE1;n V., Fernando, </subfield>
    <subfield code="e">autor </subfield>
    <subfield code="9">41032</subfield>
  </datafield>
  <datafield tag="700" ind1="1" ind2=" ">
    <subfield code="a">Moreno B., Argemiro, </subfield>
    <subfield code="e">autor</subfield>
    <subfield code="9">41033</subfield>
  </datafield>
  <datafield tag="942" ind1=" " ind2=" ">
    <subfield code="2">ddc</subfield>
    <subfield code="c">BK</subfield>
  </datafield>
  <datafield tag="999" ind1=" " ind2=" ">
    <subfield code="c">12664</subfield>
    <subfield code="d">12664</subfield>
  </datafield>
  <datafield tag="952" ind1=" " ind2=" ">
    <subfield code="0">0</subfield>
    <subfield code="1">0</subfield>
    <subfield code="2">ddc</subfield>
    <subfield code="4">0</subfield>
    <subfield code="7">0</subfield>
    <subfield code="a">CPL</subfield>
    <subfield code="b">CPL</subfield>
    <subfield code="c">GEN</subfield>
    <subfield code="d">2018-04-15</subfield>
    <subfield code="e">Donaci&#xF3;n</subfield>
    <subfield code="l">1</subfield>
    <subfield code="o">338.17373 / A674s</subfield>
    <subfield code="p">430005357</subfield>
    <subfield code="r">2026-03-10 11:35:39</subfield>
    <subfield code="s">2026-03-10</subfield>
    <subfield code="t">Ej.1</subfield>
    <subfield code="w">2021-03-10</subfield>
    <subfield code="y">BK</subfield>
  </datafield>
</record>
